| 000 | 00716cam a22002531 4500 | ||
|---|---|---|---|
| 001 | 16656 | ||
| 003 | BD-RjUL | ||
| 005 | 20211209000033.0 | ||
| 008 | 140215t1936 n 001 0 eng | ||
| 035 | _a(BD-RjUL)16711 | ||
| 035 | _a(OCoLC)3292344 | ||
| 040 |
_aDLC _cOC _dDLC _dBD-RjUL _beng |
||
| 041 | _aeng | ||
| 082 | 0 | 0 |
_a797.2 _bSMS 1936 |
| 100 | 1 |
_aSmith, Sanderson. _951446 |
|
| 245 | 1 | 0 |
_aSwimming is fun / _cby Sanderson Smith; with diagrams by the author. |
| 260 |
_aNew York : _bW. Morrow & co., _c1936. |
||
| 300 |
_a4 p. l., 7-229 p. : _billus., diagrs. ; _c20 cm. |
||
| 504 | _aincludes index. | ||
| 650 | 0 |
_aSwimming. _951447 |
|
| 942 |
_2ddc _cBK |
||
| 999 |
_c16656 _d16656 |
||